Visualizzazione normale
Vista MARC
- Rabazas Romero, María Teresa,
di Personal Name
Records bibliografici associati: 1
001 - CONTROL NUMBER
- control field: 61742
003 - CONTROL NUMBER IDENTIFIER
- control field: IT-RoINE
005 - DATE AND TIME OF LATEST TRANSACTION
- control field: 20190723101252.0
008 - FIXED-LENGTH DATA ELEMENTS
- fixed length control field: 190723|| aca||aabn | a|a d
040 ## - CATALOGING SOURCE
- Original cataloging agency: IT-RoINE
- Transcribing agency: IT-RoINE
100 ## - HEADING--PERSONAL NAME
- Personal name: Rabazas Romero, María Teresa,
- Dates associated with a name: 1964-
670 ## - SOURCE DATA FOUND
- Source citation: Work cat.: (IT-RoINE)0: Rabazas Romero, María Teresa, 1964-, Los manuales de pedagogía y la formación del profesorado en las escuelas normales de España (1839-1901) /, 2001.